| 000 | 04053nam a22004577a 4500 | ||
|---|---|---|---|
| 005 | 2012010503103.0 | ||
| 010 | _aB-482818-837 | ||
| 020 | _a9788128624094 | ||
| 035 | _aB-482818-837 | ||
| 037 | _bBlue Berry/Ven | ||
| 082 | _aS | ||
| 100 |
_aLarry, H.I. _953515 |
||
| 245 |
_aMind games / _cby H.I. Larry; illustrated by Ash Oswald |
||
| 260 |
_aMumbai _bEuro Books _c2010 |
||
| 270 |
_aDani Corporat e Park, First Floor, 158, Vidyanagari Marg, Kalina, Santacruz _bMumbai _e400098 |
||
| 300 |
_a91p. _bill. _c20cm(pbk) |
||
| 490 |
_aZac power: _v24 hours to save the world...and put out the rubbish _953516 |
||
| 700 |
_a Oswald, Ash _938280 |
||
| 942 |
_2ddc _cCH _mLAR _hS |
||
| 999 |
_c60319 _d60319 |
||